000
00319nam a22001337a 4500
020
_a
0-673-29450-1
082
_a
830
_b
PUR/S
100
_a
PURVES, ALAN C
245
_a
LITERATURE AND INTEGRATED STUDIES
260
_a
UNITED STATES
_b
SCOTT FORESMAN
_c
1997
300
_a
1020
650
_a
ENCYCLOPEDIA
_z
INDIA
942
_c
BK
999
_c
1783
_d
1783